Cosmos: essai d'une description physique du monde
Guardat en:
| Autor principal: | |
|---|---|
| Format: | Llibre |
| Idioma: | francès |
| Publicat: |
París
L. Guérin
1866
|
| Edició: | 4a. ed |
| Col·lecció: | Oeuvres d' Alexandre de Humboldt, 4
|
| Matèries: | |
| Etiquetes: |
Afegir etiqueta
Sense etiquetes, Sigues el primer a etiquetar aquest registre!
|
MARC
| LEADER | 00000cam a2200000 a 4500 | ||
|---|---|---|---|
| 001 | UCE0700 | ||
| 003 | CL-VaPUC | ||
| 008 | 140227e18660000fr |||||||||||||||||fre|d | ||
| 082 | 0 | 4 | |a 525.1 |b HUM |2 21 |
| 100 | 0 | |a Humboldt, Alexandre de |e author |9 573072 | |
| 245 | 1 | 0 | |a Cosmos: essai d'une description physique du monde |
| 250 | |a 4a. ed | ||
| 300 | |a 834 p | ||
| 942 | |c BK | ||
| 945 | |d 20140227 11:27:00 |a dcastane | ||
| 260 | |a París |b L. Guérin |c 1866 | ||
| 650 | 0 | |a Ciencias de la tierra |9 261541 | |
| 650 | 7 | |a CIELO |2 CL-VaPUC |9 372243 | |
| 650 | 7 | |a TIERRA |2 CL-VaPUC |9 261538 | |
| 650 | 7 | |a NEBULOSAS |2 CL-VaPUC |9 356119 | |
| 650 | 7 | |a ESTRELLAS |2 CL-VaPUC |9 310511 | |
| 650 | 7 | |a SISTEMA SOLAR |2 CL-VaPUC |9 268650 | |
| 650 | 0 | |a Volcanes |9 344502 | |
| 583 | |a last modification |c 20140227 11:27:00 |k Rodrigo Vera | ||
| 490 | 0 | |a Oeuvres d' Alexandre de Humboldt, 4 | |
| 999 | |c 354760 |d 354758 | ||
| 952 | |0 0 |1 0 |3 erd |4 0 |6 525_100000000000000_HUM_1866 |7 0 |8 X |9 460917 |a FDOBUD |b FDOBUD |i 5034736 |o 525.1 HUM 1866 |p 5034736 |r 2019-11-23 |w 2019-11-23 |y BK_X |z Catalogado en:20140227 |k BUD | ||